000 004260000a22001810004500
003 MACL
005 20151016153513.0
008 151016b xxu||||| |||| 00| 0 eng d
040 _aMACL
_cMACL
041 _aEnglish
082 _a920/SHA
100 _aVidya Shankar
_915359
245 _aShyama Sastry
260 _bNatioal Book Trust
_c1970
_aNew Delhi
350 _a2
650 _aBiography
_915361
942 _cBK
_k920
_2ddc
999 _c7191
_d7191